000 00280nam a22001337a 4500
008 170721b xxu||||| |||| 00| 0 eng d
020 _a9781568301198
041 _aeng
080 _a004
100 _a29
101 _aSHKI
245 _aADOBE PREMIERE
_cADOBE
942 _2udc
_cBK
999 _c21767
_d21767